Race, money, and the American welfare state
| Main Author: | |
|---|---|
| Format: | Print Book |
| Language: | English |
| Published: |
Ithaca, NY [u.a.]
Cornell University Press
1999
|
| In: | Year: 1999 |
| Edition: | 1. publ. |
| Online Access: |
Table of Contents Table of Contents |
| Availability in Tübingen: | Present in Tübingen. UB: KB 19 A 7661 |
| Check availability: | HBZ Gateway |
| Subito Delivery Service: | Order now. |
| Keywords: |
MARC
| LEADER | 00000cam a2200000 c 4500 | ||
|---|---|---|---|
| 001 | 251526054 | ||
| 003 | DE-627 | ||
| 005 | 20260206204449.0 | ||
| 007 | tu | ||
| 008 | 981119s1999 xxu||||| 00| ||eng c | ||
| 010 | |a 98031999 | ||
| 020 | |a 0801435102 |c (cloth : alk. paper) |9 0-8014-3510-2 | ||
| 020 | |a 080148510X |c (pbk. : alk. paper) |9 0-8014-8510-X | ||
| 035 | |a (DE-627)251526054 | ||
| 035 | |a (DE-603)071818529 | ||
| 035 | |a (DE-576)074681249 | ||
| 035 | |a (DE-599)GBV251526054 | ||
| 035 | |a (OCoLC)231787154 | ||
| 035 | |a (OCoLC)40251422 | ||
| 040 | |a DE-627 |b ger |c DE-627 |e rakwb | ||
| 041 | |a eng | ||
| 044 | |c XD-US |c XA-GB | ||
| 050 | 0 | |a HN57 | |
| 050 | 0 | |a HN57.B659 1999 | |
| 082 | 0 | |a 361.6/1/0973 |q LOC |2 21 | |
| 082 | 0 | |a 361.610973 |q LoC |2 DDC21oclc | |
| 084 | |a 7,26 |2 ssgn | ||
| 084 | |a 71.80 |2 bkl | ||
| 084 | |a 15.87 |2 bkl | ||
| 084 | |a 15.08 |2 bkl | ||
| 100 | 1 | |a Brown, Michael K. |0 (DE-588)170613712 |0 (DE-627)060727365 |0 (DE-576)131483153 |4 aut | |
| 109 | |a Brown, Michael K. | ||
| 245 | 1 | 0 | |a Race, money, and the American welfare state |c Michael K. Brown |
| 250 | |a 1. publ. | ||
| 264 | 1 | |a Ithaca, NY [u.a.] |b Cornell University Press |c 1999 | |
| 300 | |a XXII, 381 S |b Ill., graph. Darst | ||
| 336 | |a Text |b txt |2 rdacontent | ||
| 337 | |a ohne Hilfsmittel zu benutzen |b n |2 rdamedia | ||
| 338 | |a Band |b nc |2 rdacarrier | ||
| 500 | |a Includes index | ||
| 583 | 1 | |a Archivierung prüfen |c 20200919 |f DE-640 |z 3 |2 pdager | |
| 583 | 1 | |a Archivierung prüfen |c 20240324 |f DE-4165 |z 2 |2 pdager | |
| 648 | 7 | |8 1.9\x |a 1930-1990 |2 stw | |
| 648 | 7 | |a Geschichte 1930-1980 |2 gnd | |
| 650 | 7 | |8 1.1\x |a Sozialstaat |0 (DE-627)091390516 |0 (DE-2867)16318-3 |2 stw | |
| 650 | 7 | |8 1.2\x |a Sozialpolitik |0 (DE-627)091390451 |0 (DE-2867)16545-6 |2 stw | |
| 650 | 7 | |8 1.3\x |a Soziale Schicht |0 (DE-627)09139001X |0 (DE-2867)15717-1 |2 stw | |
| 650 | 7 | |8 1.4\x |a Schwarze Menschen |0 (DE-627)09138866X |0 (DE-2867)15929-0 |2 stw | |
| 650 | 7 | |8 1.5\x |a Soziale Gerechtigkeit |0 (DE-627)091389895 |0 (DE-2867)16623-5 |2 stw | |
| 650 | 7 | |8 1.6\x |a Geschichte |0 (DE-627)09136311X |0 (DE-2867)15690-2 |2 stw | |
| 650 | 7 | |8 1.7\x |a Usa |0 (DE-627)091396867 |0 (DE-2867)17829-1 |2 stw | |
| 650 | 7 | |8 1.8\x |a Ethnische Beziehungen |0 (DE-627)091358205 |0 (DE-2867)15931-6 |2 stw | |
| 650 | 0 | |a Social classes |z United States | |
| 650 | 0 | |a Social classes |x United States | |
| 650 | 0 | 7 | |0 (DE-588)4055879-4 |0 (DE-627)10615656X |0 (DE-576)209115742 |a Sozialpolitik |2 gnd |
| 650 | 0 | 7 | |0 (DE-588)4117641-8 |0 (DE-627)105797669 |0 (DE-576)209511672 |a Wohlfahrtsstaat |2 gnd |
| 651 | 0 | |a United States |x Politics and government |y 1933-1945 | |
| 651 | 0 | |a United States |x Politics and government |y 1945-1989 | |
| 651 | 0 | |a United States |x Social policy | |
| 651 | 0 | |a United States |x Race relations | |
| 651 | 0 | |a United States |x Social policy | |
| 651 | 0 | |a United States |x Politics and government |x 1933-1945 | |
| 651 | 0 | |a United States |x Politics and government |x 1945-1989 | |
| 651 | 0 | |a United States |x Race relations | |
| 651 | 7 | |0 (DE-588)4078704-7 |0 (DE-627)106076612 |0 (DE-576)209209682 |a Usa |2 gnd | |
| 689 | 0 | 0 | |d g |0 (DE-588)4078704-7 |0 (DE-627)106076612 |0 (DE-576)209209682 |a USA |2 gnd |
| 689 | 0 | 1 | |d s |0 (DE-588)4055879-4 |0 (DE-627)10615656X |0 (DE-576)209115742 |a Sozialpolitik |2 gnd |
| 689 | 0 | 2 | |a z |2 gnd |a Geschichte 1933-1989 |
| 689 | 0 | |5 (DE-627) | |
| 856 | 4 | 2 | |u http://www.gbv.de/dms/hbz/toc/ht010749309.pdf |m V:DE-605 |q pdf/application |v 2008-11-15 |x Verlag |y Inhaltsverzeichnis |3 Inhaltsverzeichnis |7 1 |
| 856 | 4 | 2 | |u http://scans.hebis.de/HEBCGI/show.pl?07181852_toc.pdf |m V:DE-605 |q application/pdf |3 Inhaltsverzeichnis |7 1 |
| 935 | |a MZUSA | ||
| 935 | |i Blocktest | ||
| 935 | |h HEB |i 0501 | ||
| 935 | |h HEB |i 0503 | ||
| 936 | b | k | |a 71.80 |j Sozialpolitik: Allgemeines |0 (DE-627)106418378 |
| 936 | b | k | |a 15.87 |j USA |x Geschichte |0 (DE-627)181569760 |
| 936 | b | k | |a 15.08 |j Sozialgeschichte |0 (DE-627)181571005 |
| 936 | s | n | |a m200 |2 mzub |
| 951 | |a BO | ||
| ELC | |b 1 | ||
| LOK | |0 000 xxxxxcx a22 zn 4500 | ||
| LOK | |0 001 3080910648 | ||
| LOK | |0 003 DE-627 | ||
| LOK | |0 004 251526054 | ||
| LOK | |0 005 19990823000000 | ||
| LOK | |0 008 990823||||||||||||||||ger||||||| | ||
| LOK | |0 040 |a DE-21 |c DE-627 |d DE-21 | ||
| LOK | |0 852 |a DE-21 | ||
| LOK | |0 852 1 |c KB 19 A 7661 |9 00 | ||
| LOK | |0 935 |a krim | ||
| LOK | |0 936ln |a k7.2.2 | ||
| LOK | |0 939 |a 23-08-99 |b l01 | ||
| ORI | |a SA-MARC-krimdoka001.raw | ||
| SIG | |a UB: KB 19 A 7661 | ||
| TIM | |a 100019330101_100019891231 |b Geschichte 1933-1989 | ||
